| 000 | 01480nam a2200421 c 4500 | ||
|---|---|---|---|
| 001 | 13581 | ||
| 003 | ES-MaCES | ||
| 005 | 20231130115418.0 | ||
| 008 | 020417s2001 sp t 000 | spa d | ||
| 017 |
_aB 46260-2001 _bDL |
||
| 020 | _a8449303664 | ||
| 035 | _aCES20020005689m | ||
| 040 |
_aES-MaCES _bspa _cES-MaCES |
||
| 041 | 1 |
_aspa _heng |
|
| 100 | 1 |
_aHuntington, Samuel P. _915059 |
|
| 245 | 1 | 3 |
_aEl choque de civilizaciones y la reconfiguración del orden mundial _cSamuel P. Huntington ; [traducción de José Pedro Tosaus Abadía] |
| 260 |
_aBarcelona [etc.] _bPaidós _c[2001] |
||
| 300 |
_a422 p. _c24 cm |
||
| 490 | 1 |
_aPaidós estado y sociedad _v29 |
|
| 500 | _aTraducción de: The clash of civilizations and the remaking of world order | ||
| 500 | _aÍndices | ||
| 541 | _cCompra | ||
| 650 | 4 |
_acivilización _927261 |
|
| 650 | 4 |
_acultura _927265 |
|
| 650 | 4 |
_areligión _927326 |
|
| 650 | 4 |
_aconflicto social _927307 |
|
| 650 | 4 |
_arelaciones internacionales _926675 |
|
| 650 | 4 |
_anuevo orden económico internacional _929223 |
|
| 650 | 4 |
_aglobalización económica _930653 |
|
| 650 | 4 |
_adiálogo Norte-Sur _929495 |
|
| 653 | 1 | 0 | _aCiencias Sociales-Políticas |
| 700 | 1 |
_aTosaus Abadía, José Pedro _etr. _925100 |
|
| 740 | 4 | 2 | _aThe clash of civilizations and the remaking of world order |
| 830 | 0 |
_aPaidós Estado y sociedad _v29 _932853 |
|
| 902 | _aLIB Libro | ||
| 942 |
_2CES _cBK _h7.0. |
||
| 999 |
_c13581 _d13581 |
||